RP (Registro nro. 1290)
[ vista simple ]
| 000 -LEADER | |
|---|---|
| fixed length control field | 00504nas a22001337a 4500 |
| 008 - CAMPO DE CONTROL RECURSOS CONTINUADOS | |
| fixed length control field | 130327t20009999ag ||||| |||| 00| 0 spa d |
| 245 ## - TITULO | |
| Titulo | RP |
| 260 ## - PUBLICACION, DISTRIBUCION, ETC. (PIE DE IMPRENTA) | |
| Lugar de publicación, distribución, etc | Neuquen, |
| Nombre de la editorial, distribuidor, etc. | Colegio Medico de Neuquen: |
| Fecha de publicación | 2000 |
| 300 ## - DESCRIPCION FISICA | |
| Extensión | v. : |
| 546 ## - NOTA DE IDIOMA | |
| Nota de lenguaje | español |
| 590 ## - NOTAS LOCALES (RLIN) | |
| Nota local | Existencias: 2000 2(11-14); 2001 3(15-18); 2002 5(19-22); 2003 5(23-26); 2004 7(27) 8(28-30); 2006 9(35) 10(36-38); 2007 10(39,41,42); 2008 11(43-46); 2009 11(47) 13(49)<br/>Año 2000 al 2009 BAJA EN DEPOSITO |
| 650 ## - MATERIA-TERMINO TEMATICO | |
| Término temático | SALUD |
| 9 (RLIN) | 1975 |
| 942 ## - ADDED ENTRY ELEMENTS (KOHA) | |
| Source of classification or shelving scheme | Dewey Decimal Classification |
| Item type | Continuing Resources |
No hay ítems disponibles.